El segundo disparo : (Record no. 33462)

MARC details
000 -LEADER
campo de control de longitud fija 00997cam a2200337Lu 4500
001 - NÚMERO DE CONTROL
campo de control 86275
005 - FECHA Y HORA DE LA ÚLTIMA TRANSACCIÓN
campo de control 20230410105257.0
008 - DATOS DE LONGITUD FIJA--INFORMACIÓN GENERAL
campo de control de longitud fija 900101s1995 mx 001 0 spa d
035 ## - NÚMERO DE CONTROL DEL SISTEMA
Número de control de sistema (OCoLC)ocn491830429
040 ## - FUENTE DE CATALOGACIÓN
Centro catalogador/agencia de origen ZWZ
Normas de descripción ncafnor
Lengua de catalogación fre
Centro/agencia transcriptor ZWZ
020 ## - NÚMERO INTERNACIONAL ESTÁNDAR DEL LIBRO
Número Internacional Estándar del Libro 9686321357
020 ## - NÚMERO INTERNACIONAL ESTÁNDAR DEL LIBRO
Número Internacional Estándar del Libro 9789686321357
029 0# - OTRO NÚMERO DE CONTROL DE SISTEMA (OCLC)
Identificador de la biblioteca OCLC ZWZ
Número de control de sistema 097283592
035 ## - NÚMERO DE CONTROL DEL SISTEMA
Número de control de sistema (OCoLC)491830429
050 14 - SIGNATURA TOPOGRÁFICA DE LA BIBLIOTECA DEL CONGRESO
Número de clasificación V181s 1995
100 1# - ENTRADA PRINCIPAL--NOMBRE DE PERSONA
Nombre de persona Valle, Eduardo.
245 13 - MENCIÓN DEL TÍTULO
Título El segundo disparo :
Resto del título la narcodemocracia mexicana /
Mención de responsabilidad, etc. Eduardo Valle.
260 ## - PUBLICACIÓN, DISTRIBUCIÓN, ETC.
Lugar de publicación, distribución, etc. México :
Nombre del editor, distribuidor, etc. Oceano,
Fecha de publicación, distribución, etc. 1995.
300 ## - DESCRIPCIÓN FÍSICA
Extensión 380 p. ;
Dimensiones 22 cm.
490 1# - MENCIÓN DE SERIE
Mención de serie Tiempo de México
490 1# - MENCIÓN DE SERIE
Mención de serie El dedo en la llaga
610 27 - PUNTO DE ACCESO ADICIONAL DE MATERIA--NOMBRE DE ENTIDAD CORPORATIVA
Nombre de entidad corporativa o nombre de jurisdicción como elemento de entrada Mexique.
Unidad subordinada Procuraduría general de la República.
Fuente del encabezamiento o término ram
650 #7 - PUNTO DE ACCESO ADICIONAL DE MATERIA--TÉRMINO DE MATERIA
Término de materia o nombre geográfico como elemento de entrada Drogues
Subdivisión general Trafic
Subdivisión geográfica Mexique.
Fuente del encabezamiento o término ram
650 #4 - PUNTO DE ACCESO ADICIONAL DE MATERIA--TÉRMINO DE MATERIA
Término de materia o nombre geográfico como elemento de entrada CRV
650 #4 - PUNTO DE ACCESO ADICIONAL DE MATERIA--TÉRMINO DE MATERIA
Término de materia o nombre geográfico como elemento de entrada Colección Rene Villarreal.
651 #7 - PUNTO DE ACCESO ADICIONAL DE MATERIA--NOMBRE GEOGRÁFICO
Nombre geográfico Mexique
Subdivisión general Politique et gouvernement
Subdivisión cronológica 1988-2000.
Fuente del encabezamiento o término ram
830 #0 - PUNTO DE ACCESO ADICIONAL DE SERIE-TÍTULO UNIFORME
Título uniforme Tiempo de México.
942 ## - ELEMENTOS DE ENTRADA SECUNDARIOS (KOHA)
Fuente del sistema de clasificación o colocación Clasificación de Library of Congress
Tipo de ítem Koha
946 ## - PROCESAMIENTO DE INFORMACIÓN LOCAL (OCLC)
a mfcruz
994 ## -
-- C0
-- DRFGD
Holdings
Estatus retirado Estado de pérdida Fuente del sistema de clasificación o colocación Estado de daño No para préstamo Colección Biblioteca de origen Biblioteca actual Ubicación en estantería Fecha de adquisición Serial enumeration / chronology Signatura topográfica completa Código de barras Visto por última vez Copia número Tipo de ítem Koha
    Clasificación de Library of Congress     Recursos Regionales Biblioteca Juan Bosch Biblioteca Juan Bosch Recursos Regionales (2do. Piso) 10/04/2023 3 V181s 1995 00000079887 23/10/2018 1